| 000 | 00390nam a22001697a 4500 | ||
|---|---|---|---|
| 020 | _a0-439-14806-5 | ||
| 082 |
_a823 _bCLE/R |
||
| 100 | _aCLEARY, BEVERLY | ||
| 245 | _aRALPH, S MOUSE | ||
| 246 | _aRAMONA AND HER FATHER | ||
| 246 | _aRAMONA QUIMBY, AGE 8 | ||
| 260 |
_aUSA _bSCHOLASTIC INC _c1998 |
||
| 300 | _a185 | ||
| 520 | _aENGLISH STORY | ||
| 650 | _aENGLISH STORY | ||
| 942 | _cBK | ||
| 999 |
_c5736 _d5736 |
||